[Event "St Petersburg Korchnoi Memorial op"]
[Site "St Petersburg"]
[Date "2019.08.21"]
[Round "8"]
[White "Myslevsky, Fedor"]
[Black "Gumirov, Konstantin L"]
[Result "1/2-1/2"]
[WhiteElo "1624"]
[BlackElo "1884"]
[PlyCount "79"]
[EventDate "2019.08.14"]
[EventType "swiss"]
[EventRounds "9"]
[EventCountry "RUS"]
[SourceTitle "CBM 192"]
[Source "ChessBase"]
[SourceDate "2019.10.31"]
[SourceVersion "1"]
[SourceVersionDate "2019.10.31"]
[SourceQuality "1"]

1. c4 Nf6 2. Nc3 d6 3. e4 g6 4. f4 e5 5. d3 Bg7 6. Nf3 Nbd7 7. Be2 c6 8. Qc2 Qb6 9. Na4 Qc7 10. 0-0 a6 11. d4 Nh5 12. fxe5 dxe5 13. Be3 0-0 14. Nc3 exd4 15. Bxd4 Bxd4+ 16. Nxd4 Qb6 17. Rad1 Ng7 18. Kh1 Ne5 19. Na4 Qc7 20. c5 Bg4 21. Nf3 Nxf3 22. Bxf3 Bxf3 23. Rxf3 Rad8 24. Rfd3 Ne6 25. Rd6 Qe7 26. Nb6 Qg5 27. Nd7 Rxd7 28. Rxd7 Nxc5 29. R7d4 Ne6 30. Rb4 Rb8 31. Rb3 c5 32. Rg3 Qe5 33. Rd5 Qf4 34. Rf3 Qh4 35. Rf1 b5 36. Qf2 Qe7 37. Qg3 Rc8 38. Rdf5 Rf8 39. Rf6 a5 40. Qh4 1/2-1/2